| 000 -ლიდერი |
| ფიქსირებული სიგრძის საკონტროლო ველი |
01455nam a22002417a 4500 |
| 003 - საკონტროლო ნომრის იდენტიფიკატორი |
| საკონტროლო ველი |
Ge_BSU |
| 005 - ბოლო ოპერაციის თარიღი და დრო |
| საკონტროლო ველი |
20220602135342.0 |
| 008 - ფიქსირებული სიგრძის მონაცემთა ელემენტები - ზოგადი ინფორმაცია |
| ფიქსირებული სიგრძის საკონტროლო ველი |
220602s2018 ge ||||| |||| 00| 0 geo d |
| 020 ## - წიგნის საერთაშორისო სტანდარტული ნომერი |
| International Standard Book Number |
9789941183102 |
| 041 ## - ენის კოდი |
| Language code of text/sound track or separate title |
geo |
| 080 ## - უნივერსალური ათობითი კლასიფიკაციის ინდექსი |
| Universal Decimal Classification number |
141ლიბერალიზმი რ-78 |
| 100 ## - მთავარი ჩანაწერი - პიროვნების სახელი |
| Personal name |
როლზი, ჯონ |
| 9 (RLIN) |
13957 |
| 245 ## - ცნობა სათაურის შესახებ |
| Title |
პოლიტიკური ლიბერალიზმი / |
| Statement of responsibility, etc |
ჯონ როლზი ; ინგლისურიდან თარგმნა ზურაბ ჭიაბერაშვილმა ; სამეცნიერო რედაქტორი ზეინაბ სარაძე. |
| 264 ## - წარმოების, გამოცემის, დისტრიბუციის და სხვა ცნობები |
| გამოცემის, წარმოების, დისტრიბუციის... ადგილი |
თბილისი : |
| გამოცემის, წარმოების, დისტრიბუციის... სახელწოდება |
ილიას სახელმწ. უნ-ტის გამ-ბა, |
| გამოცემის, წარმოების, დისტრიბუციის... თარიღი |
2018. |
| 300 ## - ფიზიკური აღწერა |
| Extent |
596 გვ. ; |
| Other physical details |
20 სმ. |
| 501 ## - შენიშვნა თანმხლებ მასალაზე |
| With note |
სახელთა საძიებელი: გვ. 580-595. |
| 504 ## - BIBLIOGRAPHY, ETC. NOTE |
| Bibliography, etc |
ბიბლიოგრაფია ტექსტის შენიშვნებში. |
| 653 ## - INDEX TERM--UNCONTROLLED |
| Uncontrolled term |
ლიბერალიზმი. |
| 700 ## - ADDED ENTRY--PERSONAL NAME |
| Personal name |
ჭიაბერაშვილი, ზურაბ |
| Relator term |
მთარგმნელი |
| 9 (RLIN) |
958 |
| 700 ## - ADDED ENTRY--PERSONAL NAME |
| Personal name |
სარაძე, ზეინაბ |
| Relator term |
სამეცნ. რედაქტორი |
| 9 (RLIN) |
13958 |
| 700 ## - ADDED ENTRY--PERSONAL NAME |
| Personal name |
ცოფურაშვილი, თამარ |
| Relator term |
სერიის რედაქტორი, გამომცემელი |
| 9 (RLIN) |
11793 |
| 942 ## - ADDED ENTRY ELEMENTS (KOHA) |
| Source of classification or shelving scheme |
|
| Koha item type |
წიგნი |